000 00209nam a2200085Ia 4500
008 120527s9999 xx 000 0 und d
100 _aLove, H.E A
245 _aA treatise on mathematical the theory
942 _cBK
999 _c27844
_d27844